000 01056nam a2200277 a 4500
003 CBULib
005 20240812141342.0
008 161006s2015 ||||||||||||||||| || u
020 _a978-92-1-117104-4
040 _aCBUlib
_bEnglish
_cCBULib
_dCBULib
_erda
050 _aUNECE(02)2015/14
110 _aUnited Nations Economic Commission for Europe (UNECE)
245 1 0 _aInnovation performance review of Tajikistan
_cby United Nations Economic Commission for Europe
260 _aNew York
_bUnited Nations Economic Commission for Europe (UNECE)
_c2015
300 _axxix,148pages.: illustrations
336 _2rdacontent
_aText |
_btxt
337 _2rdamedia
_aUnmediated |
338 _2rdacarrier
_aVolume
_bnc
500 _aBibliography
650 0 _aTECHNOLOGY TRANSFER--TAJIKISTAN
_93240
650 0 _aTECHNOLOGY AND STATE--TAJIKISTAN
_93242
650 0 _aTECHNOLOGICAL INNOVATIONS--TAJIKISTAN
_93243
650 0 _aTAJIKISTAN--ECONOMIC CONDITIONS--1991-
_93245
942 _2mc
_c029
999 _c46986
_d46986